00250nam a22000977a 4500008004100000020001500041100001900056245003400075250001300109260003000122160520b xxu||||| |||| 00| 0 eng d a9966530264 aOngoya, Elisha aThe Journal of law and ethics aVolume 1 aNairobibLaw Africac2014